000 00646nam a2200229Ia 4500
003 OSt
005 20220925224244.0
006 a|||||r|||| 00| 0
007 ta
008 220923b |||||||| |||| 00| 0 eng d
037 _cGeneral Book
040 _aRTL
_cRTL
_beng
041 _2eng
_aeng
082 _aXxN15, L8
100 _aWong Stanley
_9291019
245 0 _aFoundtions of paul Samuelson`s revealed preference theory
260 _aLondon
_bRoutledge & Kegan paul
_c1978
300 _ax, 141p
_ccm.
500 _aBibliography p 138-44
942 _hXxN15, L8
_cGB
_2CC
999 _c581170
_d581170